|
|
|
|
| LEADER |
00000nam0a2200000 4500 |
| 001 |
111258 |
| 005 |
20231031120802.0 |
| 010 |
|
|
|a 5769525940
|
| 035 |
|
|
|a (RuTPU)RU\TPU\book\120154
|
| 035 |
|
|
|a RU\TPU\book\67823
|
| 090 |
|
|
|a 111258
|
| 100 |
|
|
|a 20070313d2006 m y0rusy50 ca
|
| 101 |
0 |
|
|a rus
|
| 102 |
|
|
|a RU
|
| 105 |
|
|
|a a j 001zy
|
| 200 |
1 |
|
|a Электрический привод
|e учебник для вузов
|f Г. Б. Онищенко
|
| 210 |
|
|
|a Москва
|c Академия
|d 2006
|
| 215 |
|
|
|a 288 с.
|c ил.
|
| 225 |
1 |
|
|a Высшее профессиональное образование. Электротехника
|
| 320 |
|
|
|a Библиогр.: с. 285.
|
| 330 |
|
|
|a Изложены общие сведения об автоматизированном электроприводе, его роли в современном машинном производстве, составе, элементной базе и современных системах регулируемого электропривода. Описаны принципы построения и управления электроприводов, а также их свойства. Приведены характеристики электроприводов с двигателями постоянного и переменного тока. Отражены общие подходы к выбору и проектированию электроприводов. Для студентов высших учебных заведений.
|
| 451 |
|
1 |
|0 (RuTPU)RU\TPU\book\151255
|y 978-5-7695-4919-9
|t Электрический привод
|o учебник
|f Г. Б. Онищенко
|g Тверской государственный университет (ТвГУ)
|c М.
|n Академия
|d 2008
|p 288 с.
|a Онищенко, Иван Павлович
|
| 451 |
|
1 |
|0 (RuTPU)RU\TPU\book\67823
|y 5-85941-045-X
|t Электрический привод
|o учебник
|f Г. Б. Онищенко
|c М.
|n РАСХН
|d 2003
|p 312 с.
|s Лингвистика и межкультурная коммуникация. Золотая серия
|a Онищенко, Георгий Борисович
|
| 610 |
1 |
|
|a электроприводы
|
| 610 |
1 |
|
|a механика
|
| 610 |
1 |
|
|a нерегулируемый электропривод
|
| 610 |
1 |
|
|a регулируемый электропривод
|
| 610 |
1 |
|
|a двигатели постоянного тока
|
| 610 |
1 |
|
|a двигатели переменного тока
|
| 610 |
1 |
|
|a индуктивные электроприводы
|
| 610 |
1 |
|
|a шаговые электроприводы
|
| 610 |
1 |
|
|a линейные электроприводы
|
| 610 |
1 |
|
|a переходные процессы
|
| 610 |
1 |
|
|a управление
|
| 610 |
1 |
|
|a аппараты
|
| 610 |
1 |
|
|a устройства
|
| 610 |
1 |
|
|a типовые узлы
|
| 610 |
1 |
|
|a схемы
|
| 610 |
1 |
|
|a энергетические характеристики
|
| 610 |
1 |
|
|a производственные механизмы
|
| 610 |
1 |
|
|a проектирование
|
| 610 |
1 |
|
|a учебники
|
| 675 |
|
|
|a 62-83(075.8)
|v 3
|
| 700 |
|
1 |
|a Онищенко
|b Г. Б.
|g Георгий Борисович
|
| 801 |
|
1 |
|a RU
|b 63413507
|c 20040521
|g PSBO
|
| 801 |
|
2 |
|a RU
|b 63413507
|c 20220331
|g PSBO
|
| 900 |
|
|
|a Электротехника и электропривод
|
| 900 |
|
|
|a Электрический привод
|
| 942 |
|
|
|c BK
|
| 951 |
|
|
|a 551300
|b 180400
|